000
00290nam a22001097a 4500
008
160507b xxu||||| |||| 00| 0 eng d
020
_a
0071375503
041
_a
eng
080
_a
615
245
_a
Applied biopharmaceutics & pharmacokinetics:
_c
Leon Shargel; Susanna Wu-Pong;
942
_2
udc
_c
BK
999
_c
1906
_d
1906